So geht's noch besser neu A2- B1 (Record no. 62710)

MARC details
000 -LÍDER
campo de controle de tamanho fixo 00439 a2200157 4500
001 - NÚMERO DE CONTROLE
campo de controle 62710
020 ## - ISBN - INTERNATIONAL STANDARD BOOK NUMBER
ISBN - International Standard Book Number 9783126758567
040 ## - FONTE DA CATALOGAÇÃO
Instituição que transcreveu o registro Anchieta - Pituba
100 ## - ENTRADA PRINCIPAL--NOME PESSOAL
Nome pessoal Janke-Papanicolaou, Sylvia
240 10 - TÍTULO UNIFORME
Título uniforme So geht's noch besser neu A2- B1
Idioma da obra por
245 10 - TÍTULO
Título So geht's noch besser neu A2- B1
300 ## - DESCRIÇÃO FÍSICA
Extensão 119
362 0# - DATAS DE PUBLICAÇÃO E/OU DESIGNAÇÃO SEQUENCIAL
Datas de publicação e/ou designação sequencial 2015
650 #4 - ASSUNTO--TERMO TÓPICO
Cabeçalho tópico ou nome geográfico Uso padrão da língua alemã (prescptiva linguística - proficiência alemã)
942 ## - ELEMENTOS DE ENTRADA ADICIONADOS (KOHA)
Tipo de material Koha Livros
Holdings
Situação do descarte Situação das perdas Situação física Não pode ser emprestado Biblioteca de origem Biblioteca atual Data de aquisição Total de empréstimos Número de chamada completo Código de barras Data de último acesso Data do preço efetivo Tipo de material Koha
        Colégio Anchieta - Pituba Colégio Anchieta - Pituba 21/11/2023   438 J33s JAN SOG 15870/PIT 21/11/2023 21/11/2023 Livros